• AIU
  • Tony Wilmot Memorial Library

Theory of criticism : (Record no. 60544)

MARC details
000 -LEADER
fixed length control field 00798cam a2200253 i 4500
001 - CONTROL NUMBER
control field 801046
003 - CONTROL NUMBER IDENTIFIER
control field OSt
005 - DATE AND TIME OF LATEST TRANSACTION
control field 20141017123959.0
008 - FIXED-LENGTH DATA ELEMENTS--GENERAL INFORMATION
fixed length control field 760312s1976 mdu b 001 0 eng
010 ## - LIBRARY OF CONGRESS CONTROL NUMBER
LC control number 75036935
020 ## - INTERNATIONAL STANDARD BOOK NUMBER
International Standard Book Number 0801818257
040 ## - CATALOGING SOURCE
Original cataloging agency DLC
Transcribing agency DLC
Modifying agency DLC
050 00 - LIBRARY OF CONGRESS CALL NUMBER
Classification number PN81
Item number .K714
082 00 - DEWEY DECIMAL CLASSIFICATION NUMBER
Classification number 801/.95
100 1# - MAIN ENTRY--PERSONAL NAME
Personal name Krieger, Murray,
Dates associated with a name 1923-
9 (RLIN) 32619
245 10 - TITLE STATEMENT
Title Theory of criticism :
Remainder of title a tradition and its system /
Statement of responsibility, etc Murray Krieger.
260 ## - PUBLICATION, DISTRIBUTION, ETC. (IMPRINT)
Place of publication, distribution, etc Baltimore :
Name of publisher, distributor, etc Johns Hopkins University Press,
Date of publication, distribution, etc c1976.
300 ## - PHYSICAL DESCRIPTION
Extent xiv, 250 p. ;
Dimensions 24 cm.
504 ## - BIBLIOGRAPHY, ETC. NOTE
Bibliography, etc Includes bibliographical references and index.
650 #0 - SUBJECT ADDED ENTRY--TOPICAL TERM
Topical term or geographic name as entry element Literature
General subdivision History and criticism
-- Theory, etc.
9 (RLIN) 32620
650 #0 - SUBJECT ADDED ENTRY--TOPICAL TERM
Topical term or geographic name as entry element Criticism.
9 (RLIN) 32621
906 ## - LOCAL DATA ELEMENT F, LDF (RLIN)
a 7
b cbc
c orignew
d 1
e ocip
f 19
g y-gencatlg
942 ## - ADDED ENTRY ELEMENTS (KOHA)
Source of classification or shelving scheme Library of Congress Classification
Koha item type Books
Holdings
Withdrawn status Lost status Source of classification or shelving scheme Damaged status Not for loan Collection code Home library Current library Shelving location Date acquired Source of acquisition Cost, normal purchase price Total Checkouts Full call number Barcode Date last seen Copy number Price effective from Koha item type
    Library of Congress Classification     General Circulation AIU/NEGST - Tony Wilmot Memorial Library AIU/NEGST - Tony Wilmot Memorial Library General Stacks 10/17/2014 Donation - TBN 9.00   PN 81.K714 1976 R31036L3232 09/26/2019 1 10/17/2014 Books